00419nam a2200157Ia 4500003000400000008004100004040001600045082001300061100002500074245005000099260004200149650001500191650001200206650002300218650002000241GCL140319s9999 xx 000 0 eng d aGCL / cGCL04a863bG O1 aGALDOS, BENITO PEREZ10aDE ONATE A LA GRANJA / cGALDOS, BENITO PEREZ a[S.N] : bALIANZA EDITORIAL ، c198304aLITERATURE04aFICTION04aSPANISH LITERATURE04aSPANISH FICTION